| 000 | 00480nam a2200157 i 4500 | ||
|---|---|---|---|
| 001 | 140986 | ||
| 003 | ES-MaACL | ||
| 005 | 20230906200209.0 | ||
| 007 | t| | ||
| 008 | 070918s1930 sp ||||1| spa d | ||
| 100 | 1 |
_aWertheimer, Egon. _9116522 |
|
| 245 | 1 | 3 |
_aEl laborismo británico _b: su organización, sus hombres, sus tendencias / _cEgon Wertheimer. |
| 260 |
_aMadrid : _bEditorial España, _c1930. |
||
| 300 |
_a308 p. : _b1 retr. ; _c20 cm. |
||
| 852 |
_aES-MaACL _jA-1823 |
||
| 999 |
_c140986 _d140986 |
||